000 00632nam a2200205 u 4500
005 20220923063505.0
008 180202s2017 r 000 0 eng d
020 _a9786078507696
035 _aUPN01000222708
049 _aCG
050 4 _aF1234
_bA3.8
100 1 _aAdame, Ángel Gilberto
_941251
245 1 3 _aEl séptimo sabio :
_bvida y derrota de Jesús Moreno Baca /
_cAngel Gilberto Adame.
260 _aMéxico :
_bSecretaría de Cultura :
_bINEHRM,
_c2017.
300 _a202 p. :
_bil.
600 1 4 _aMORENO BACA, JESUS,
_d1893-1926
_926420
650 4 _aJUECES -
_zMEXICO
_926421
905 _aLibro
999 _c194805
_d194805